000 00589nam a22001457a 4500
005 20241217092554.0
008 241001b |||||||| |||| 00| 0 eng d
082 _2DPer050 M72 January-March 2018 v. 66 no. 8-10
100 _aBihasa-Glemao, Maria Mel.
_eauthor.
_961898
245 _aJournal writing :
_bstudents' and teacher's relief /
_cMaria Mel Bihasa-Glemao.
260 _aPhilippines;
_bPublishers Association of the Philippines, Inc.,
_cNovember 2018.
300 _aVolume 66, pages 221-222,
_billustration.
700 _aBihasa-Glemao, Maria Mel.
_eauthor.
_961899
942 _2ddc
_cPER
999 _c22055
_d22055